<?xml version="1.0" encoding="UTF-8"?>
<record
    xmlns:xsi="http://www.w3.org/2001/XMLSchema-instance"
    xsi:schemaLocation="http://www.loc.gov/MARC21/slim http://www.loc.gov/standards/marcxml/schema/MARC21slim.xsd"
    xmlns="http://www.loc.gov/MARC21/slim">

  <leader>01785nam a22002057a 4500</leader>
  <controlfield tag="005">20231026161738.0</controlfield>
  <controlfield tag="008">231026b           ||||| |||| 00| 0 eng d</controlfield>
  <datafield tag="020" ind1=" " ind2=" ">
    <subfield code="a">9780008523244</subfield>
  </datafield>
  <datafield tag="040" ind1=" " ind2=" ">
    <subfield code="c">AL</subfield>
  </datafield>
  <datafield tag="041" ind1=" " ind2=" ">
    <subfield code="a">eng</subfield>
  </datafield>
  <datafield tag="082" ind1=" " ind2=" ">
    <subfield code="2">23</subfield>
    <subfield code="a">823.914</subfield>
    <subfield code="b">ARCT</subfield>
  </datafield>
  <datafield tag="100" ind1=" " ind2=" ">
    <subfield code="a">Jeffrey Archer</subfield>
    <subfield code="9">139603</subfield>
  </datafield>
  <datafield tag="245" ind1=" " ind2=" ">
    <subfield code="a">Traitors Gate</subfield>
  </datafield>
  <datafield tag="260" ind1=" " ind2=" ">
    <subfield code="a">London</subfield>
    <subfield code="b">HarperCollins Publishers</subfield>
    <subfield code="c">2023</subfield>
  </datafield>
  <datafield tag="300" ind1=" " ind2=" ">
    <subfield code="a">356p.</subfield>
    <subfield code="b">PB</subfield>
    <subfield code="c">19.6x12.9cm.</subfield>
  </datafield>
  <datafield tag="365" ind1=" " ind2=" ">
    <subfield code="2">General</subfield>
    <subfield code="a">BLCR-000056</subfield>
    <subfield code="b">&#x20B9;424.00</subfield>
    <subfield code="c">&#x20B9;</subfield>
    <subfield code="d">&#x20B9;499.00</subfield>
    <subfield code="e">15%</subfield>
    <subfield code="f">17-10-2023</subfield>
  </datafield>
  <datafield tag="520" ind1=" " ind2=" ">
    <subfield code="a">24 hours to stop the crime of the century
The race against time is about to begin&#x2026;
THE TOWER OF LONDON&#x2026;
Impenetrable. Well protected. Secure. Home to the most valuable jewels on earth. But once a year, the Metropolitan Police must execute the most secret operation in their armoury when they transport the Crown Jewels across London.
SCOTLAND YARD&#x2026;
For four years, Chief Superindendent William Warwick &#x2013; together with his second-in-command Inspector Ross Hogan &#x2013; has been in charge of the operation. And for four years it&#x2019;s run like clockwork.
THE HEIST&#x2026;
But this year, everything is about to change. Because master criminal Miles Faulkner has set his heart on pulling off the most outrageous theft in history &#x2013; and with a man on the inside, the odds are in his favour.
Unless Warwick and Hogan can stop him before it&#x2019;s too late&#x2026;
An unputdownable new thriller from the master storyteller
&#x2018;Probably the greatest storyteller of our age&#x2019; Mail on Sunday
&#x2018;If there were a Nobel Prize for storytelling, Archer would win&#x2019; Daily Telegraph
&#x2018;Peerless master of the page turner&#x2019; Daily Mail
Jeffrey Archer's book 'Next in Line' was a Sunday Times bestseller w/c 17-10-2022</subfield>
  </datafield>
  <datafield tag="650" ind1=" " ind2=" ">
    <subfield code="2">English Fiction</subfield>
    <subfield code="a">Literature</subfield>
    <subfield code="9">139604</subfield>
  </datafield>
  <datafield tag="942" ind1=" " ind2=" ">
    <subfield code="2">ddc</subfield>
    <subfield code="c">BK</subfield>
  </datafield>
  <datafield tag="999" ind1=" " ind2=" ">
    <subfield code="c">229033</subfield>
    <subfield code="d">229033</subfield>
  </datafield>
  <datafield tag="952" ind1=" " ind2=" ">
    <subfield code="0">0</subfield>
    <subfield code="1">0</subfield>
    <subfield code="2">ddc</subfield>
    <subfield code="4">0</subfield>
    <subfield code="7">0</subfield>
    <subfield code="8">GEN</subfield>
    <subfield code="a">SACPG</subfield>
    <subfield code="b">SACPG</subfield>
    <subfield code="d">2023-10-25</subfield>
    <subfield code="e">Navakarnataka Publications Pvt.Ltd</subfield>
    <subfield code="g">424.00</subfield>
    <subfield code="l">5</subfield>
    <subfield code="m">2</subfield>
    <subfield code="o">823.914 ARCT</subfield>
    <subfield code="p">PG024426</subfield>
    <subfield code="r">2026-02-19 13:02:50</subfield>
    <subfield code="s">2026-02-09</subfield>
    <subfield code="v">499.00</subfield>
    <subfield code="w">2023-10-26</subfield>
    <subfield code="y">BK</subfield>
  </datafield>
</record>
